History of cartography (Record no. 87428)

MARC details
000 -LEADER
fixed length control field 00840cam a2200229 4500
001 - CONTROL NUMBER
control field ##D14565
008 - FIXED-LENGTH DATA ELEMENTS--GENERAL INFORMATION
fixed length control field 090401t1964 xxu||||| |||| 00| 0 eng d
035 ## - SYSTEM CONTROL NUMBER
System control number (Sirsi) u16510
041 0# - LANGUAGE CODE
Language code of text/sound track or separate title eng
050 04 - LIBRARY OF CONGRESS CALL NUMBER
Classification number 526.09 $2 18
100 1# - MAIN ENTRY--PERSONAL NAME
Personal name Bagrow, Leo
245 00 - TITLE STATEMENT
Title History of cartography
250 ## - EDITION STATEMENT
Edition statement Rev. ed.
260 ## - PUBLICATION, DISTRIBUTION, ETC.
Place of publication, distribution, etc. London
Name of publisher, distributor, etc. C A Watts
Date of publication, distribution, etc. 1964
300 ## - PHYSICAL DESCRIPTION
Extent 312p.
Other physical details ill
Dimensions 27cm.
350 ## - PRICE (NR) (BK AM CF MU VM SE) [OBSOLETE]
Price 6.3
520 ## - SUMMARY, ETC.
Summary, etc. Describes how early maps were produced in both Europe and the rest of the world and traces their development, makers and printers, varieties and characteristics. It focuses specifically on the externals of maps in relation to the history of its evolution.
690 ## - LOCAL SUBJECT ADDED ENTRY--TOPICAL TERM (OCLC, RLIN)
Topical term or geographic name as entry element ENVIRONMENTAL AND LAND CONSULTANCY-GEOMATICS-MAPPING AND POSITIONING-CARTOGRAPHY
700 1# - ADDED ENTRY--PERSONAL NAME
Personal name Skelton, R. A.
942 ## - ADDED ENTRY ELEMENTS (KOHA)
Suppress in OPAC 0
948 ## - LOCAL PROCESSING INFORMATION (OCLC); SERIES PART DESIGNATOR (RLIN)
c (OCLC) 04/03/1997
Holdings
Withdrawn status Lost status Source of classification or shelving scheme Damaged status Not for loan Home library Current library Shelving location Date acquired Cost, normal purchase price Total Checkouts Full call number Barcode Date last seen Date last checked out Copy number Cost, replacement price Price effective from Koha item type
    Dewey Decimal Classification     London London Basement 14/08/1991 6.30 4 BASEMENT F526.09 30003990 26/04/2024 18/08/2008 1 6.30 06/08/2019 Book